Catàleg del Col·legi de Periodistes de Catalunya

La mediación : (Registre núm. 8000)

000 -CABECERA
Longitud fija campo de control 01160cam a2200301 i 4500
001 - NÚMERO DE CONTROL
Número de control 19232823
003 - IDENTIFICADOR DEL NÚMERO DE CONTROL
Identificador del número de control OSt
005 - FECHA Y HORA DE LA ÚLTIMA TRANSACCIÓN
Fecha y hora de la última transacción 20241218125929.0
008 - CÓDIGOS DE INFORMACIÓN DE LONGITUD FIJA
Códigos de información de longitud fija 160816t20142014bo a b 000 0 spa d
010 ## - NÚMERO DE CONTROL DE LA BIBLIOTECA DEL CONGRESO
Número de control de LC 2016455830
035 ## - NÚMERO DE CONTROL DEL SISTEMA
Número de control del sistema (OCoLC)ocn936318637
040 ## - FUENTE DE LA CATALOGACIÓN
Centro catalogador de origen IND
Lengua de catalogación eng
Centro transcriptor CDMR
Normas de descripción rda
Centro modificado PIT
-- DLC
042 ## - CÓDIGO DE AUTENTICACIÓN
Código de autenticación lccopycat
043 ## - CÓDIGO DE ÁREA GEOGRÁFICA
Código de área geográfica s-bo---
050 00 - SIGNATURA TOPOGRÁFICA DE LA BIBLIOTECA DEL CONGRESO
Número de clasificación P95.82.B5
Número de documento R67 2014
100 1# - PUNTO DE ACCESO PRINCIPAL-NOMBRE DE PERSONA
Nombre de persona Rossell Arce, Claudio,
245 13 - MENCIÓN DE TÍTULO
Título La mediación :
Resto del título medios y elecciones en Bolivia /
Mención de responsabilidad, etc. Claudio Rossell Arce.
246 3# - VARIANTES DE TÍTULO
Título propio / Título en breve Medios y elecciones en Bolivia
264 #1 - PRODUCCIÓN, PUBLICACIÓN , DISTRIBUCIÓN, FABRICACIÓN Y COPYRIGHT
Lugar de producción, publicación, distribución, fabricación La Paz, Bolivia :
Nombre del productor, editor, distribuidor, fabricante Fundación Konrad Adenauer, Oficina Bolivia :
-- Universidad Católica Boliviana "San Pablo",
Fecha de de producción, publicación, distribución, fabricación o copyright [2014]
300 ## - DESCRIPCIÓN FÍSICA
Extensión 130 p. :
Otras características físicas il. ;
Dimensiones 21 cm
504 ## - NOTA DE BIBLIOGRAFÍA, ETC
Nota de bibliografía, etc. Includes bibliographical references (pages 327-329).
650 #0 - PUNTO DE ACCESO ADICIONAL DE MATERIA - TÉRMINO DE MATERIA
Término de materia o nombre geográfico como elemento inicial Mitjans de comunicació de massa
Subdivisión de materia general Aspectes polítics
Subdivisión geográfica Bolívia
9 (RLIN) 405
650 #0 - PUNTO DE ACCESO ADICIONAL DE MATERIA - TÉRMINO DE MATERIA
Término de materia o nombre geográfico como elemento inicial Campanyes electorals
Subdivisión de materia general Cobertura periodística
Subdivisión geográfica Bolívia
9 (RLIN) 4363
650 #0 - PUNTO DE ACCESO ADICIONAL DE MATERIA - TÉRMINO DE MATERIA
Término de materia o nombre geográfico como elemento inicial Premsa i política
Subdivisión geográfica Bolívia
9 (RLIN) 3470
906 ## - ELEMENTO F DATOS LOCALES, FDL (RLIN)
a 7
b cbc
c copycat
d 2
e ncip
f 20
g y-gencatlg
942 ## - ENTRADA DE ELEMENTOS AGREGADOS (KOHA)
Fuente de clasificaión o esquema
Koha [por defecto] tipo de item Monografies
Fons
Suprimido Perdido Estropeado No para préstamo Localización permanente Localización actual Fecha adquisición Fuente de adquisición Signatura completa Código de barras Fecha última consulta Fecha del precio de reemplazo Tipo de item de Koha
        Centre de Documentació Montserrat Roig Centre de Documentació Montserrat Roig 2024-12-18 Donació Ck 1/32 CDMR22031260 2024-12-18 2024-12-18 Monografies

Implantat amb Koha